| 000 | 00597nam a2200229Ia 4500 | ||
|---|---|---|---|
| 003 | OSt | ||
| 005 | 20220928144348.0 | ||
| 006 | a|||||r|||| 00| 0 | ||
| 007 | ta | ||
| 008 | 220927b |||||||| |||| 00| 0 eng d | ||
| 024 | _a65190 | ||
| 037 | _cTextual | ||
| 040 |
_aSDCL _cSDCL _beng |
||
| 041 |
_2eng _aeng |
||
| 082 | _aG9M:424, K6 | ||
| 100 |
_aCairns John Ed. _9507717 |
||
| 245 | 0 | _aPhage and the origins of molecular biology. | |
| 260 | _c1966 | ||
| 650 |
_aMolecular Bacteria _9507718 |
||
| 942 |
_hG9M:424, K6 _cTEXL _2CC |
||
| 999 |
_c827168 _d827168 |
||